• 首页
  • 本馆介绍
  • 公告通知
  • 最新文献
  • 馆藏检索
  • 电子资源
  • 读者导购
  • 参考咨询
  • 我的图书馆
  • 登录
  • 详细信息显示
  • 放入我的书架
  • 预约/预借图书
  • 作者相关作品
  • 分类相关作品
  • 丛书相关作品
  • 出版社相关作品

书目信息

  • 表格格式
  • 工作单格式
  • 卡片格式
题名:
电动机
    
 
作者: ;上海市电器科学研究所 编
分册:  
出版信息: 北京   机械工业出版社  1975
页数: 60页
开本: 19cm
丛书名: 机械工业知识丛书
单 册:
中图分类: TM32
科图分类:
主题词: 电动机
电子资源:
ISBN:
000 00710nam2 2200241 45
001 0175002263
005 20060425093958.15
010    @dCNY0.19
100    @a19951010d1975 em y0chiy0121 ea
101 0  @achi
102    @aCN@b110000
105    @af z 000yy
200 10 @a电动机@Adian dong ji@f上海市电器科学研究所编@Fshang hai shi dian qi ke xue yan jiu suo bian
210    @a北京@c机械工业出版社@d1975
215    @a60页@c照片@d19cm
225 2  @a机械工业知识丛书
410  0 @120010@a机械工业知识丛书
606    @a电动机
690    @aTM32@v3
711 02 @a上海市电器科学研究所@Ashang hai shi dian qi ke xue yan jiu suo@4编
801  2 @aCN@bNLC@c20060425
801  0 @aCN@bTSSF
905    @a10447@dTM32@e8
    
    电动机/上海市电器科学研究所编.-北京:机械工业出版社,1975
    60页:照片;19cm.-(机械工业知识丛书)
    
    
    ISBN :CNY0.19
    
●
相关链接 在E读中查询图书 在五车中查询图书 在当当中查询图书 在豆瓣中查询图书


正题名:电动机     索取号:TM32/8         预约/预借

序号 登录号 条形码 馆藏地/架位号 状态 备注
1 0009830   202285696   密集书库/ [索取号:TM32/8] 在馆    
2 0009831   202285767   密集书库/ [索取号:TM32/8] 在馆    
3 0009832   202285721   密集书库/ [索取号:TM32/8] 在馆    
4 0009833   202285810   密集书库/ [索取号:TM32/8] 在馆    
5 0009834   202285776   密集书库/ [索取号:TM32/8] 在馆    
6 0009836   202285687   密集书库/ [索取号:TM32/8] 在馆    
7 0009837   202285730   密集书库/ [索取号:TM32/8] 在馆    
唐山师范学院图书馆 欢迎您!
大连网信软件有限公司© 版权所有